Desaťročie SOU - lesníckeho v Tvrdošíne

Podrobná bibliografia
Hlavný autor: Vorčák, Ján (Autor)
Médium: Článok
Jazyk:slovenčina
ISSN:0323-0996
Predmet:

MARC

LEADER 00000nab a2200000 a 4500
001 vtls000537401
003 SK-MaSNL
005 20260304172305.0
008 250526c1994 xo 0 slo
015 |a SNBRB19rr/mm-uuuuu 
035 |a CL0537539 
035 |a urn:nbn:sk:snk-ab29r5 
035 |a (urnnbn)urn:nbn:sk:snk:ar-a01zws 
035 |a (uuid)7ac05599-dfad-4f70-a304-696cb6ee95d7 
040 |a SNKBUCL  |b slo  |c SNKBUCL  |e AACR2 
041 0 |a slo 
044 |a xo  |c SK 
080 |a 377.35:630(437.6)  |2 1981 
080 |a 373.6:630(437.6)  |2 1981 
080 |a 630  |2 1981 
100 1 |a Vorčák, Ján  |4 aut  |9 764126 
245 1 0 |a Desaťročie SOU - lesníckeho v Tvrdošíne  |c Ján Vorčák 
650 0 7 |a Stredné odborné učilište lesnícke, Tvrdošín  |2 snkbucl  |9 1501576 
655 7 |a články z novín a časopisov  |2 snkbucl  |9 267496 
773 0 |t Les  |g Roč. 50, č. 12 (1994), s. 22  |x 0323-0996 
850 |a Slovenská národná knižnica 
852 |a Slovenská národná knižnica 
954 |a odborná, vedecká literatúra pôvodná (slovenská)  |2 lita 
957 |a 5303 
958 |a ONDV 
958 |a article2022 
958 |a RK 
992 |a RBX 
999 |c 2997647  |d 2999577